ESSENTIAL MEDICAL IMAGING (Record no. 14577)

MARC details
000 -LEADER
fixed length control field 00261nam a22001217a 4500
003 - CONTROL NUMBER IDENTIFIER
control field SGT
082 ## - DEWEY DECIMAL CLASSIFICATION NUMBER
Classification number 616.0754
Item number E09G
100 ## - MAIN ENTRY--PERSONAL NAME
Personal name GIBSON, ROBERT N.
245 ## - TITLE STATEMENT
Title ESSENTIAL MEDICAL IMAGING
260 ## - PUBLICATION, DISTRIBUTION, ETC. (IMPRINT)
Place of publication, distribution, etc UK
Name of publisher, distributor, etc CAMBRIDGE
Year of Publication 2009
300 ## - PAGE DESCRIPTION
No. of Pages 294
942 ## - ADDED ENTRY ELEMENTS (KOHA)
Source of classification or shelving scheme Dewey Decimal Classification
Koha item type Books
Holdings
Withdrawn status Lost status Source of classification or shelving scheme Damaged status Not for loan Collection code Home library Current library Shelving location Date acquired Vendor Name SGTU Total Checkouts Full call number Accession No. (Barcode) Date last seen Date last borrowed Bill Date Koha item type
    Dewey Decimal Classification     MEDICAL SGT Medical Library SGT Medical Library Reference Book 17/01/2018 ABC SGTU 2 616.0754 E09G FM9388 07/05/2026 20/04/2026 17/01/2018 Books